PHARMACEUTICAL SCIENCES AN INTEGRATED APPROACH (Record no. 33101)

MARC details
000 -LEADER
fixed length control field 00358nam a22001457a 4500
003 - CONTROL NUMBER IDENTIFIER
control field SGT
020 ## - INTERNATIONAL STANDARD BOOK NUMBER
International Standard Book Number 978-1-63927-546-5
082 ## - DEWEY DECIMAL CLASSIFICATION NUMBER
Classification number 615.1
Item number LED
100 ## - MAIN ENTRY--PERSONAL NAME
Personal name LEDGER, RODRIK
245 ## - TITLE STATEMENT
Title PHARMACEUTICAL SCIENCES AN INTEGRATED APPROACH
260 ## - PUBLICATION, DISTRIBUTION, ETC. (IMPRINT)
Place of publication, distribution, etc USA
Name of publisher, distributor, etc AMERICAN MED.PUB.
Year of Publication 2021
300 ## - PAGE DESCRIPTION
No. of Pages 198
650 ## - SUBJECT ADDED ENTRY--TOPICAL TERM
Topical term or geographic name as entry element PHARMACEUTICAL SCIENCES
942 ## - ADDED ENTRY ELEMENTS (KOHA)
Source of classification or shelving scheme Dewey Decimal Classification
Koha item type Books
Holdings
Withdrawn status Lost status Source of classification or shelving scheme Damaged status Not for loan Collection code Home library Current library Shelving location Date acquired Vendor Name SGTU Bill Number Total Checkouts Full call number Accession No. (Barcode) Date last seen Bill Date Koha item type
    Dewey Decimal Classification     SCIENCE SGT Science & Social Sciences Library SGT Science & Social Sciences Library Reference Book 01/11/2025 ABC SGTU 21721   615.1 LED DP1589 01/11/2025 17/09/2025 Books